Statistics for Top 15 Countries with Covid-19 Cases - 17 Mar 2021

Click here to take the quiz!

General Stats

  • This quiz has been taken 20 times
  • The average score is 18 of 28

Answer Stats

country% Correct
Russia
100%
United Kingdom
100%
United States
100%
France
95%
Brazil
89%
Germany
89%
India
89%
Italy
89%
Mexico
89%
Spain
89%
Argentina
79%
Iran
68%
Turkey
68%
Belgium
63%
Netherlands
63%
Poland
58%
Portugal
58%
Colombia
53%
Sweden
47%
Czechia
42%
Switzerland
42%
Israel
37%
Lithuania
37%
Slovenia
32%
Estonia
26%
Panama
26%
Georgia
21%
Bahrain
16%

Score Distribution

Percentile by Number Answered

Percent of People with Each Score

Your Score History

You have not taken this quiz